Astronomy / (Record no. 5851)
[ view plain ]
| 000 -LEADER | |
|---|---|
| fixed length control field | 00819nam a22002537a 4500 |
| 001 - CONTROL NUMBER | |
| control field | 5851 |
| 003 - CONTROL NUMBER IDENTIFIER | |
| control field | FISKH |
| 005 - DATE AND TIME OF LATEST TRANSACTION | |
| control field | 20250124161658.0 |
| 008 - FIXED-LENGTH DATA ELEMENTS--GENERAL INFORMATION | |
| fixed length control field | 250124b cb ||||| |||| 00| 0 eng d |
| 020 ## - INTERNATIONAL STANDARD BOOK NUMBER | |
| International Standard Book Number | 9780756642488 |
| 040 ## - CATALOGING SOURCE | |
| Original cataloging agency | FISKH |
| Language of cataloging | eng |
| Transcribing agency | FISKH |
| Modifying agency | FISKH |
| 050 ## - LIBRARY OF CONGRESS CALL NUMBER | |
| Classification number | QB46.L744 |
| 082 ## - DEWEY DECIMAL CLASSIFICATION NUMBER | |
| Classification number | 520 |
| 100 ## - MAIN ENTRY--PERSONAL NAME | |
| Personal name | Lippincott, Kristen |
| 245 ## - TITLE STATEMENT | |
| Title | Astronomy / |
| Statement of responsibility, etc. | by Kristen Lippincott |
| 260 ## - PUBLICATION, DISTRIBUTION, ETC. | |
| Place of publication, distribution, etc. | London : |
| Name of publisher, distributor, etc. | DKPublishing , |
| Date of publication, distribution, etc. | 1992. |
| 300 ## - PHYSICAL DESCRIPTION | |
| Extent | 72 pages : |
| Other physical details | color illustrations , with CD ; |
| Dimensions | 28 cm . |
| 490 ## - SERIES STATEMENT | |
| Series statement | Eyewitness Books |
| 520 ## - SUMMARY, ETC. | |
| Summary, etc. | Looks at the history of astronomy, identifies important astronomers, and summarizes what is known about the Sun, Moon, planets, and stars. |
| 650 ## - SUBJECT ADDED ENTRY--TOPICAL TERM | |
| Topical term or geographic name entry element | astronomy |
| Form subdivision | non-fiction |
| 700 ## - ADDED ENTRY--PERSONAL NAME | |
| Personal name | Jones, Charyn |
| Relator term | Project editor |
| 942 ## - ADDED ENTRY ELEMENTS (KOHA) | |
| Source of classification or shelving scheme | Dewey Decimal Classification |
| Koha item type | Books |
| Suppress in OPAC | No |
| Withdrawn status | Lost status | Source of classification or shelving scheme | Damaged status | Not for loan | Collection | Home library | Current library | Shelving location | Date acquired | Total Checkouts | Full call number | Barcode | Date last seen | Price effective from | Koha item type |
|---|---|---|---|---|---|---|---|---|---|---|---|---|---|---|---|
| Dewey Decimal Classification | Non-Fiction | Footprints International School Library Network Toul Kork Campus | Footprints International School Library Network Toul Kork Campus | TTP Secondary Non-Fiction Bookshelves | 01/24/2025 | LIP 520 QB46.L744 | FIS04706 | 01/24/2025 | 01/24/2025 | Books |
